Every current Big 12 teams national championships - Statistics

General Stats
  • This quiz has been taken 15 times
  • The average score is 13 of 14
Answer Stats
Hint Answer % Correct
1950 Oklahoma
100%
1955 Oklahoma
100%
1956 Oklahoma
100%
1974 Oklahoma
100%
1975 Oklahoma
100%
1985 Oklahoma
100%
2000 Oklahoma
100%
1935 TCU
100%
1938 TCU
100%
1963 Texas
92%
1969 Texas
92%
1970 Texas
92%
2005 Texas
92%
1984 BYU
54%
No matching quizzes found
Score Distribution
Percent of People with Each Score
Percentile by Number Answered
Your Score History
You have not taken this quiz